Statistics for Countries in World Cup 2010

Click here to take the quiz!

General Stats

  • This quiz has been taken 25 times
  • The average score is 29 of 32

Answer Stats

HintAnswer% Correct
South AmericaArgentina
100%
South AmericaBrazil
100%
EuropeItaly
100%
North AmericaMexico
100%
EuropePortugal
100%
Africa/HostSouth Africa
100%
EuropeSpain
100%
North AmericaUnited States
100%
EuropeEngland
95%
EuropeGermany
95%
AsiaJapan
95%
EuropeNetherlands
95%
South AmericaUruguay
95%
AsiaAustralia
91%
AfricaCameroon
91%
EuropeDenmark
91%
EuropeGreece
91%
OceaniaNew Zealand
91%
AsiaSouth Korea
91%
EuropeSwitzerland
91%
South AmericaChile
86%
EuropeFrance
86%
AfricaGhana
86%
South AmericaParaguay
86%
EuropeSerbia
86%
EuropeSlovenia
86%
AfricaAlgeria
82%
EuropeSlovakia
82%
AfricaIvory Coast
77%
AfricaNigeria
77%
North AmericaHonduras
73%
AsiaNorth Korea
64%

Score Distribution

Percentile by Number Answered

Percent of People with Each Score

Your Score History

You have not taken this quiz